| 000 | 00462nam a22001817a 4500 | ||
|---|---|---|---|
| 003 | CEME | ||
| 005 | 20210628205922.0 | ||
| 008 | 210208b xxu||||| |||| 00| 0 eng d | ||
| 020 | _a0-07-008009-7 | ||
| 040 | _c. | ||
| 082 | _a515.35 BRO | ||
| 100 |
_aBronson, Richard _936440 |
||
| 245 | _aModern introductory differential equations | ||
| 260 |
_aNEWYORK _bMCGRAW HILL _c1973 |
||
| 300 | _a305P | ||
| 650 |
_aDIFFERENTIAL EQUATIONS _9688 |
||
| 942 |
_cBK _2ddc |
||
| 999 |
_c582731 _d582731 |
||